বিদ্যুৎ ও জ্বালানি সংকট : (Record no. 39833)
[ view plain ]
| 000 -LEADER | |
|---|---|
| fixed length control field | 00953nam a2200241 a 4500 |
| 001 - CONTROL NUMBER | |
| control field | 39833 |
| 003 - CONTROL NUMBER IDENTIFIER | |
| rucl marc code | BD-RjUL |
| 005 - DATE AND TIME OF LATEST TRANSACTION | |
| control field | 20211209053052.0 |
| 008 - FIXED-LENGTH DATA ELEMENTS--GENERAL INFORMATION | |
| fixed length control field | 160419s2010 bg ||||| |||| 00| 0 ben d |
| 020 ## - INTERNATIONAL STANDARD BOOK NUMBER | |
| International Standard Book Number | 9789848882085 |
| Terms of availability | : Tk. 56.25 |
| 035 ## - SYSTEM CONTROL NUMBER | |
| System control number | (BD-RjUL)39947 |
| 040 ## - CATALOGING SOURCE | |
| Original cataloging agency | BD-RjUL |
| Language of cataloging | ben |
| Transcribing agency | BD-RjUL |
| 041 ## - LANGUAGE CODE | |
| Language code of text/sound track or separate title | ben |
| 082 ## - DEWEY DECIMAL CLASSIFICATION NUMBER | |
| Edition number | 23 |
| Classification number | 333.79 |
| Author mark and year | RAB 2010 |
| 100 ## - MAIN ENTRY--PERSONAL NAME | |
| Personal name | রহমতউল্লাহ্, বি. ডি. |
| 9 (RLIN) | 122711 |
| 245 10 - TITLE STATEMENT | |
| Title | বিদ্যুৎ ও জ্বালানি সংকট : |
| Remainder of title | সমাধান কি অসম্ভব ? / |
| Statement of responsibility, etc. | বি. ডি. রহমতউল্লাহ্, |
| 260 ## - PUBLICATION, DISTRIBUTION, ETC. (IMPRINT) | |
| Place of publication, distribution, etc. | ঢাকা : |
| Name of publisher, distributor, etc. | সংহতি প্রকাশন, |
| Date of publication, distribution, etc. | ২০১০. |
| 300 ## - PHYSICAL DESCRIPTION | |
| Pagination | ৬০ পৃ. : |
| Illustrations | চিত্র ; |
| Size | ২০ সেমি. |
| 504 ## - BIBLIOGRAPHY, ETC. NOTE | |
| Bibliography, etc | পরিশিষ্ট সংযুক্ত |
| 650 ## - SUBJECT ADDED ENTRY--TOPICAL TERM | |
| Topical term or geographic name as entry element | জ্বালানী নীতি |
| 9 (RLIN) | 122712 |
| Topical term or geographic name as entry element | Energy policy |
| 9 (RLIN) | 122713 |
| 942 ## - ADDED ENTRY ELEMENTS (KOHA) | |
| Source of classification or shelving scheme | Dewey Decimal Classification |
| Koha item type | Books |
| Lost status | Source of classification or shelving scheme | Damaged status | Not for loan | Collection code | Permanent Location | Current Location | Shelving location | Date acquired | Source of acquisition | Cost, normal purchase price | Total Checkouts | Full call number | Date last seen | Copy number | Koha item type |
|---|---|---|---|---|---|---|---|---|---|---|---|---|---|---|---|
| Dewey Decimal Classification | Not For Loan | Non-fiction | Central Library, University of Rajshahi | Central Library, University of Rajshahi | Reading Room | 03/08/2014 | Batighor, Chattogram | 56.25 | B 333.79 RAB 2010 | 19/04/2016 | C-1 | Books |